000 02163cam a2200433 i 4500
001 21730928
005 20220318185403.0
006 m |o d |
007 cr |||||||||||
008 200916s2021 enk ob 001 0 eng
906 _a7
_bcbc
_corignew
_d1
_eecip
_f20
_gy-gencatlg
925 0 _aacquire
_eecip ebook
_xpolicy default
955 _fxn18 2021-11-09 book rec'd
010 _a 2020042568
020 _a9781000351507
_q(epub)
020 _a9781003000532
_q(ebook)
020 _z9780367429881
_q(hardback)
020 _z9780367429874
_q(paperback)
040 _aDLC
_beng
_cDLC
_erda
_dDLC
042 _apcc
050 0 0 _aTH213.5
082 0 0 _a624.072
_223
245 0 0 _aSecondary research methods in the built environment /
_cedited by Emmanuel Manu and Julius Akotia.
264 1 _aAbingdon, Oxon ;
_aNew York, NY :
_bRoutledge/Taylor & Francis Group,
_c2021.
300 _a1 online resource
336 _atext
_btxt
_2rdacontent
337 _acomputer
_bc
_2rdamedia
338 _aonline resource
_bcr
_2rdacarrier
504 _aIncludes bibliographical references and index.
505 2 _aIntroduction to secondary research methods in the built environment / Emmanuel Manu, Julius Akotia / Identifying and sourcing data for secondary research / Emmanuel Manu, Julius Akotia, Saad Sarhan, Abdul-Majeed Mahamadu -- Ethical considerations in the use of secondary data for built environment research / Abid Hasan.
520 _a"This textbook provides a systematic step-by-step guide on how to apply secondary research methods in the built environment, including their various underpinning methodologies"--
_cProvided by publisher.
588 _aDescription based on print version record and CIP data provided by publisher.
650 0 _aBuilding
_xResearch.
650 0 _aTechnical literature.
700 1 _aManu, Emmanuel,
_eeditor.
700 1 _aAkotia, Julius,
_eeditor.
776 0 8 _iPrint version:
_tSecondary research methods in the built environment
_dAbingdon, Oxon ; New York, NY : Routledge/Taylor & Francis Group, 2021.
_z9780367429881
_w(DLC) 2020042567
985 _aLC online resource
_d2020-09-29
999 _c10505
_d10505